[Event "Bolivar Province-ch qual"]
[Site "Cartagena"]
[Date "2013.05.20"]
[Round "3"]
[White "Torres Cueto, Jesus Marcial"]
[Black "Ibarra Sarabia, Giancarlo"]
[Result "0-1"]
[WhiteElo "1848"]
[BlackElo "1706"]
[PlyCount "106"]
[EventDate "2013.05.16"]
[EventType "swiss"]
[EventRounds "7"]
[EventCountry "COL"]
[SourceTitle "EXT 2014"]
[Source "ChessBase"]
[SourceDate "2013.11.20"]
[SourceVersion "1"]
[SourceVersionDate "2013.11.20"]
[SourceQuality "1"]

1. e4 b6 2. Nc3 e5 3. Nf3 Nc6 4. d4 exd4 5. Nxd4 Bb7 6. Be3 Qf6 7. Nd5 Qd8 8. Nb5 Rc8 9. Bf4 d6 10. Be2 Nf6 11. Bg5 Be7 12. Nxe7 Qxe7 13. 0-0 0-0 14. Bg4 Rcd8 15. Bf5 d5 16. exd5 Qe5 17. Bxf6 Qxf6 18. Bxh7+ Kxh7 19. Qh5+ Kg8 20. dxc6 Bxc6 21. Nc3 Rd4 22. Rad1 Rh4 23. Qe2 Re8 24. Qd3 Qh6 25. Qg3 f5 26. f4 Rg4 27. Qf2 Rxg2+ 28. Qxg2 Bxg2 29. Kxg2 Qc6+ 30. Rf3 b5 31. a3 a5 32. Rd2 Kf7 33. a4 Re3 34. Rd5 Rxf3 35. axb5 Qg6+ 36. Kxf3 Qg4+ 37. Ke3 Qg1+ 38. Kf3 Qxh2 39. Rxf5+ Kg8 40. Ne2 Qh1+ 41. Ke3 Qb1 42. Nd4 Qxb2 43. Nc6 Qc3+ 44. Ke4 Qxc2+ 45. Ke5 Qe2+ 46. Kd4 a4 47. Re5 Qf2+ 48. Ke4 a3 49. Nb4 Qe1+ 50. Kf5 Qxb4 51. Kg6 Qd6+ 52. Kg5 Qf6+ 53. Kg4 a2 0-1

[Event "La Candelaria Cup"]
[Site "Complejo de Raquetas"]
[Date "2013.02.02"]
[Round "4"]
[White "Ibarra Sarabia, Giancarlo"]
[Black "Rosado Perez, Maria Jose"]
[Result "0-1"]
[WhiteElo "1644"]
[BlackElo "1890"]
[PlyCount "110"]
[EventDate "2013.01.30"]
[EventType "swiss"]
[EventRounds "7"]
[EventCountry "COL"]
[SourceTitle "CBM 152 Extra"]
[Source "ChessBase"]
[SourceDate "2013.02.25"]
[SourceVersion "1"]
[SourceVersionDate "2013.02.25"]
[SourceQuality "1"]

1. d4 d5 2. c4 e6 3. Nc3 Nf6 4. Bg5 Be7 5. e3 Nbd7 6. Nf3 h6 7. Bh4 b6 8. Bd3 Bb7 9. 0-0 0-0 10. cxd5 Nxd5 11. Bxe7 Qxe7 12. Rc1 c5 13. Bb1 Rac8 14. Qd3 N5f6 15. Ne5 cxd4 16. exd4 Rfd8 17. Nxd7 Qxd7 18. Rcd1 Qc6 19. f3 Qc4 20. Rfe1 Qxd3 21. Bxd3 Nd5 22. Nxd5 Bxd5 23. b3 g6 24. Be4 Bxe4 25. fxe4 Rc2 26. d5 exd5 27. exd5 Kf8 28. d6 Rxa2 29. Re7 Rxd6 30. Rxf7+ Kxf7 31. Rxd6 Re2 32. Kf1 Re3 33. Kf2 Rxb3 34. Rd7+ Kf6 35. Rxa7 Rb2+ 36. Kf3 b5 37. h4 Rb3+ 38. Kf4 Rb4+ 39. Kg3 h5 40. Rb7 Rg4+ 41. Kf3 b4 42. g3 Ke5 43. Rd7 Ke6 44. Rd8 Ke5 45. Rd7 Rd4 46. Rb7 Kd5 47. Rb6 Rg4 48. Rb7 Kc4 49. Rc7+ Kb3 50. Rc6 Kb2 51. Rb6 b3 52. Rb7 Kc2 53. Rc7+ Kb1 54. Rc6 b2 55. Ke2 Ka2 0-1

[Event "North Region-ch U18"]
[Site "Cartagena"]
[Date "2012.04.19"]
[Round "2.10"]
[White "Ibarra Sarabia, Giancarlo"]
[Black "Jaimes Velasquez, Simon Andres"]
[Result "1-0"]
[WhiteElo "1602"]
[BlackElo "1527"]
[PlyCount "81"]
[EventDate "2012.04.19"]
[EventType "swiss"]
[EventRounds "6"]
[EventCountry "COL"]
[SourceTitle "EXT 2024"]
[Source "ChessBase"]
[SourceDate "2023.10.10"]
[SourceVersion "1"]
[SourceVersionDate "2023.10.10"]
[SourceQuality "1"]

1. d4 d5 2. c4 c6 3. Nc3 Nf6 4. Bg5 Bf5 5. e3 e6 6. Nf3 Bb4 7. a3 Ba5 8. Be2 Nbd7 9. 0-0 h6 10. Bf4 0-0 11. b4 Bc7 12. Bxc7 Qxc7 13. c5 Rfe8 14. b5 Rab8 15. Bd3 Bg4 16. h3 Bh5 17. a4 Qa5 18. Rc1 Nf8 19. g4 Bg6 20. Ne5 Bxd3 21. Qxd3 Qc7 22. a5 N8h7 23. b6 axb6 24. axb6 Qe7 25. Ra1 Ng5 26. Kg2 Ra8 27. Ra7 Nfe4 28. Nxc6 Qf6 29. Ne5 Reb8 30. Nb5 Rf8 31. Nc7 Rab8 32. f3 Qe7 33. fxe4 dxe4 34. Qb5 Rfd8 35. Kg3 f6 36. Ng6 Qf7 37. Nf4 e5 38. Nfe6 Nxe6 39. Qc4 Ng5 40. Qxf7+ Nxf7 41. d5 1-0

[Event "Cartagena Iderbol Cup"]
[Site "Cartagena"]
[Date "2011.12.26"]
[Round "1.14"]
[White "Ibarra Sarabia, Giancarlo"]
[Black "Gomez, Cristian David"]
[Result "1/2-1/2"]
[WhiteElo "1602"]
[BlackElo "1932"]
[PlyCount "107"]
[EventDate "2011.12.26"]
[EventType "swiss"]
[EventRounds "7"]
[EventCountry "COL"]
[SourceTitle "EXT 2024"]
[Source "ChessBase"]
[SourceDate "2023.10.10"]
[SourceVersion "1"]
[SourceVersionDate "2023.10.10"]
[SourceQuality "1"]

1. d4 Nf6 2. Nf3 d5 3. Bf4 h6 4. e3 a6 5. Be2 e6 6. 0-0 Bd7 7. Ne5 Be7 8. Nd2 0-0 9. h3 c5 10. dxc5 Bxc5 11. Nxd7 Nbxd7 12. Nb3 Be7 13. c3 Ne4 14. Bd3 Ndf6 15. Bc2 Bd6 16. Bxd6 Qxd6 17. Nd2 Nc5 18. Nf3 b5 19. Nh2 Nce4 20. Ng4 Nxg4 21. Qxg4 f5 22. Qe2 Ng5 23. f4 Ne4 24. Bxe4 dxe4 25. Rad1 Qe7 26. Rd4 e5 27. fxe5 Qxe5 28. Rfd1 Rf6 29. Qf2 Raf8 30. Rd5 Qe6 31. Qf4 g5 32. Qc7 R8f7 33. Rd8+ Kg7 34. Qb8 Rf8 35. R1d7+ Kg8 36. Qc7 R6f7 37. Rxf8+ Kxf8 38. Rxf7+ Qxf7 39. Qc8+ Kg7 40. Qxa6 Qc4 41. Qa7+ Kg6 42. Qb6+ Kh7 43. a3 Qb3 44. Qc7+ Kg6 45. Qd6+ Kg7 46. Qb4 Qd1+ 47. Kh2 Qe2 48. Qd4+ Kg6 49. b3 Qd3 50. a4 bxa4 51. bxa4 f4 52. exf4 gxf4 53. Qb6+ Kg5 54. Qc5+ 1/2-1/2